000 00740nam a2200253 i 4500
001 bg
100 1 _aLacey, A. R.
_d(1926- ).
245 1 0 _aSłownik filozoficzny /
_cA. R. Lacey ; przekł. Roman Matuszewski.
246 _iTyt. oryg.:
_aA dictionary of philosophy
260 _aPoznań :
_bZysk i S-ka. Wydaw.,
_ccop. 1999.
300 _a357 s. ;
_c20 cm.
500 _aTyt. oryg. : "A dictionary of philosophy" 1996.
504 _aBibliogr. przy hasłach.
650 9 _aFilozofia
655 _aEncyklopedie
700 1 _aMatuszewski, Roman.
_eTł.
020 _a8371502206
040 _cBPK
041 1 _apol
_heng
080 _a1(03)
920 _a83-7150-220-6
942 _cKS
008 s pl f |000 0 pol
999 _c36876
_d36876
856 _uhttp://koha.tu.koszalin.pl/cgi-bin/koha/opac-detail.pl?biblionumber=36876
_yKatalog online BPK